000 00932nam a22003017a 4500
003 CHAP
005 20220817042237.0
008 971013s1975 r 00010 d
010 _a38492
011 _a39464
035 _a43585
040 _cCHAP
090 _aFolleto 8279
100 0 0 _aEspadas, Orlando T.
_937693
245 _aCasos y ejercicios sobre proyectos agrícolas
260 _aWashington :
_bInstituto de Desarrollo Económica,
_c1975
300 _a64 p.
590 _aBATCH-UPD
_b10
_c20130110
_lUCH01
_h0116
590 _aBATCH-UPD
_b10
_c20130110
_lUCH01
_h1902
590 _aBATCH-UPD
_b10
_c20130410
_lUCH01
_h1230
590 _aBATCH-UPD
_b10
_c20130914
_lUCH01
_h1319
590 _aCONVERSION
_b10
_c20130109
_lUCH01
_h1321
650 1 4 _aAgricultura
_xAspectos económicos.
650 1 4 _aPolítica agrícola.
_990283
901 _aBK
942 _cFOLL
949 _aFolleto 8279
_bBC
_cFOLL
_d-99745
_eTS1
_i43585
_si
999 _c38492
_d38492